000 00589nam a2200169 i 4500
001 93664
003 ES-MaACL
005 20230906181305.0
007 t|
008 050415s1973 sp ||||1| spa d
100 1 _aLópez Calera, Nicolás María.
_973479
245 1 3 _aEl riesgo de Hegel sobre la libertad /
_cNicolás María López Calera.
260 _aGranada :
_bUniversidad . Departamento de Filosofía del Derecho,
_c1973.
300 _a180 p. ;
_c20 cm.
710 2 _aUniversidad de Granada.
_bDepartamento de Filosofía del Derecho.
_97179
852 _aES-MaACL
_jC-52808
_bR.86036
999 _c93664
_d93664